000 00416nam a22001577a 4500
005 20240130113413.0
008 240130b |||||||| |||| 00| 0 eng d
020 _a81-203-2111-1
041 _aeng
100 _amejia-gomez-mejia, luis r. and others
_98410
245 _aMANAGING HUMAN RESOURCES
250 _a3RD. ED.
260 _aNEW DELHI
_bPRENTICE HALL OF INDIA.PVT.LTD
_c2001
300 _a621;p
942 _cBK
999 _c8501
_d8499